000 00799nam a2200253Ia 4500
003 OSt
005 20220923211535.0
006 a|||||r|||| 00| 0
007 ta
008 220922b |||||||| |||| 00| 0 jpn d
020 _a9789382455318 (hbk)
_c220
024 _a284,575
037 _b940, 27/03/2015, H.K. Prakashan
_cTextual
040 _aARTS
_cARTS
_bjpn
041 _2jpn
_ajpn
082 _aO42,1x, 153Q5
100 _aਇੰਦੇ
245 0 _aਜਾਪਾਨ ਦੀ ਆਦਿ ਕਵਿਤਾ
260 _aਦਿੱਲੀ
_b ਪੰਜਾਬੀ ਅਕਾਦਮੀ
_c2015
300 _a100ਪੰ
_ccm.
650 _aਜੈਪਨੀਸ ਸਾਹਿਤ
942 _hO42,1x, 153Q5
_cTEXL
_2CC
999 _c300593
_d300593